LEADER 01565nam 2200349 n 450 001 996394702103316 005 20221108043824.0 035 $a(CKB)3810000000009639 035 $a(EEBO)2248506534 035 $a(UnM)99829439 035 $a(UnM)9928070000971 035 $a(EXLCZ)993810000000009639 100 $a19950607d1689 uy | 101 0 $aeng 135 $aurbn||||a|bb| 200 00$aModern fortification: or, Elements of military architecture$b[electronic resource] $ePractised and designed by the latest and most experienced engeniers of this last age, Italian, French, Dutch, and English. And the manner of defending and besieging forts and places. With the use of a joint-ruler or sector, for the speedy description of any fortification. By Sir Jonas Moore, Master-Surveyor of His Majesties Ordnance 210 $aLondon $cprinted for Obadiah Blagrave, at the Black Bear and Star in St. Paul's Church-yard$d1689 215 $a[16], 127, [1] p., 10 leaves of plates (some folded) $cill., plans 300 $aIncludes contents and a final page of advertisement. 300 $aReproduction of the original in the Cambridge University Library. 330 $aeebo-0021 606 $aForification$vEarly works to 1800 615 0$aForification 700 $aMoore$b Jonas$cSir,$f1617-1679.$01003096 801 0$bCu-RivES 801 1$bCu-RivES 801 2$bCStRLIN 801 2$bWaOLN 906 $aBOOK 912 $a996394702103316 996 $aModern fortification: or, Elements of military architecture$92352568 997 $aUNISA LEADER 00955nam0 22002531i 450 001 UON00092133 005 20231205102515.848 100 $a20020107d1987 |0itac50 ba 101 $aeng 102 $aGB 105 $a|||| ||||| 200 1 $aCoinage in their Roman World$fAndrew Burnett 210 $aLondon$cSeaby$d1987 168 p.$ctav.ill. ; 22 cm 606 $aNumismatica$xRoma$3UONC028208$2FI 620 $aGB$dLondon$3UONL003044 686 $aJ$cNUMISMATICA$2A 700 1$aBURNETT$bAndrew$3UONV056720$0459854 712 $aSeaby$3UONV259481$4650 801 $aIT$bSOL$c20260227$gRICA 899 $aSIBA - SISTEMA BIBLIOTECARIO DI ATENEO E ARCHIVIO STORICO$2UONSI 912 $aUON00092133 950 $aSIBA - SISTEMA BIBLIOTECARIO DI ATENEO E ARCHIVIO STORICO$dSI J 090 $eSI MC 12370 7 996 $aCoinage in their Roman World$91303833 997 $aUNIOR